| 000 | 00765nam a2200229Ia 4500 | ||
|---|---|---|---|
| 003 | OSt | ||
| 005 | 20240904155257.0 | ||
| 008 | 220927b |||||||| |||| 00| 0 hin d | ||
| 020 |
_cINR 5000.00 _a9788183306065 |
||
| 037 |
_b79, 12/02/2018, Kiran Book Service _cReference Collections |
||
| 040 |
_aSDCL _cSDCL _bhin |
||
| 041 |
_2hin _ahin |
||
| 082 | _aG:55k Q7.5 RR | ||
| 100 |
_aSingh, Puspha _9429309 |
||
| 245 | 0 | _aParyavaran pradushan vishwakosh. | |
| 260 |
_aNew Delhi : _bArjun Publishing House, _c2017. |
||
| 300 | _av,240p. | ||
| 490 | _vVolume 5: Dhwani pradushan | ||
| 650 |
_aHindi _9391598 |
||
| 942 |
_hG:55k Q7.5 RR _cREF _2CC |
||
| 999 |
_c745810 _d745810 |
||